000
00214 a2200097 4500
001
14701
100
_a
S.F. Mahmud
245
_a
The story of Islam
260
_a
London
_b
Oxford Univ press
_c
090
_c
11486
_d
11486
942
_a
NUST-CAE
_c
M
_c
1654
999
_c
249774
_d
249774